Io non ho paura /

Gorde:
Xehetasun bibliografikoak
Beste egile batzuk: Salvatores, Gabriele (Zuzendaria), Abatantuono, Diego (Aktorea), Marciano, Francesca (Eszenan ipintzen duena), Careccia, Giorgio (Aktorea), Zinna, Riccardo (Aktorea), Stefanucci, Antonella (Aktorea), Sánchez-Gijón, Aitana (Aktorea), Abbrescia, Dino (Aktorea)
Formatua: Diapositiba
Hizkuntza:italiera
Argitaratua: [Milano : Mondadori, 2004]
Saila:I grandi film di Panorama
Etiketak: Etiketa erantsi
Etiketarik gabe, Izan zaitez lehena erregistro honi etiketa jartzen!

MARC

LEADER 00000ngm a22000007i 4500
001 IT\ICCU\CAG\0731756
003 ItRI
005 20260124182902.0
008 040628s2004 it |||||||||||||||k|||||c
028 4 2 |a PA2704D 
040 |b ita 
041 7 |a ita  |2 ISO-639-2 
130 0 |a Io non ho paura <film ; 2003>  |3 IT\ICCU\MOD\0849378 
245 0 0 |a Io non ho paura /  |c un film di Gabriele Salvatores ; tratto dall'omonimo romanzo di Niccolò Ammaniti ; sceneggiatura di Niccolò Ammaniti e Francesca Marciano. 
260 |a [Milano :  |b Mondadori,  |c 2004] 
300 |a 1 DVD-Video (ca. 105 min.) ;  |c in contenitore, 19 cm 
500 |a Caratteristiche tecniche: regione 2; PAL; 16:9, 2.35:1, adatto a ogni tipo di televisore; Dolby digital 5.1; color 
500 |a Titolo del contenitore 
500 |a Produzione cinematografica Italia/Spagna/Gran Bretagna 2003 
500 |a Interpreti: Aitana Sanchez Gijon, Dino Abbrescia, Giorgio Careccia, Antonella Stefanucci, Riccardo Zinna, Diego Abatantuono 
500 |a Lingue: italiano; sottotitoli: italiano per non udenti 
500 |a Suppl. a Panorama. 
700 1 |a Salvatores, Gabriele  |0 IT\ICCU\RAVV\090350  |4 drt 
700 1 |a Abatantuono, Diego  |0 IT\ICCU\RAVV\090351  |4 act 
700 1 |a Ammaniti, Niccolò  |0 IT\ICCU\RAVV\092462  |4 ant 
700 1 |a Marciano, Francesca  |0 IT\ICCU\RAVV\098908  |4 sce 
700 1 |a Careccia, Giorgio  |0 IT\ICCU\RAVV\381772  |4 act 
700 1 |a Zinna, Riccardo  |0 IT\ICCU\RAVV\381773  |4 act 
700 1 |a Stefanucci, Antonella  |0 IT\ICCU\RAVV\381774  |4 act 
700 1 |a Sánchez-Gijón, Aitana  |0 IT\ICCU\UBOV\484888  |4 act 
700 1 |a Abbrescia, Dino  |0 IT\ICCU\UBOV\494646  |4 act 
830 2 |a I grandi film di Panorama  |0 IT\ICCU\RAV\1132411 
942 |2 ddc  |c VM  |n 0 
952 |0 0  |1 0  |4 0  |6 VO_2210_000000000000000  |7 0  |9 27545  |a BO  |b BO  |d 2026-01-24  |i 18172  |l 0  |o VO 2210  |p BO18172  |r 2026-01-24 18:29:02  |w 2026-01-24  |x [Sebina 5] [1 dvd]  |y VM  |z 1 dvd 
999 |c 23335  |d 23335